| 000 | 005540000a22001690004500 | ||
|---|---|---|---|
| 090 |
_aAR _b02090 |
||
| 245 | 1 | 0 | _aOxford expedition to the Serrania de Macuira, Colombia, 1975 |
| 650 | 1 | 4 |
_aExpediciones científicas _992957 |
| 650 | 1 | 4 |
_aBotánica _9361 |
| 650 | 1 | 4 |
_aEntomología _94483 |
| 650 | 1 | 4 |
_aRelación planta-animal _992861 |
| 651 | 4 |
_lSerranía de la Macuira _dGuajira _pColombia _992749 |
|
| 041 | 0 | _aInglés | |
| 100 | 1 |
_aHoffman, Forrest M. _992960 |
|
| 942 | _cARTICULO | ||
| 773 | 1 |
_tBull. Oxf. Univ. Explor. Club. New Series _31168 _q7-19 _d1976 |
|
| 999 |
_c11167 _d11167 |
||